28 Ways Not to Drink 'Wine' Quiz Stats

 Plays Quiz Updated Dec 13, 2015

Challenge
Share
Tweet
Embed
Score 0/28 Timer 02:00
6 Plays Today
% Correct
Dine
98.2%
Fine
97.9%
Line
97.6%
Mine
97.4%
Pine
96.6%
Wane
96.4%
Tine
96.3%
Sine
95.9%
Bine
94.3%
Nine
94.2%
Cine
92.8%
Vine
92.6%
Wide
90.8%
Wise
90.4%
% Correct
Wile
89.6%
Wire
88.5%
Zine
88.3%
Wipe
87.8%
Kine
87%
Wind
87%
Wife
87%
Wite
86.9%
Wins
80.8%
Wing
79.8%
Wive
78.7%
Wink
78.5%
Wino
74%
Winy
67.3%

You're not logged in!

Compare scores with friends on all Sporcle quizzes.
Join for Free
OR
Log In

You Might Also Like...

Show Comments

Extras

Top Quizzes Today


Score Distribution

Your Account Isn't Verified!

In order to create a playlist on Sporcle, you need to verify the email address you used during registration. Go to your Sporcle Settings to finish the process.

Report this User

Report this user for behavior that violates our Community Guidelines.

Details: